| 000 | 01433cam a2200349 a 4500 | ||
|---|---|---|---|
| 001 | EDZ0000071598 | ||
| 003 | StDuBDS | ||
| 005 | 20161031105129.0 | ||
| 006 | m||||||||d|||||||| | ||
| 007 | cr ||||||||||| | ||
| 008 | 120405s2005 enk fo| 000|0aeng d | ||
| 020 |
_a9781446212660 (ebook) : _cNo price |
||
| 040 |
_aStDuBDS _beng _cStDuBDS _epn |
||
| 049 | _aAlfaisal Main Library | ||
| 050 | 4 | _aRC553.A88 | |
| 082 | 0 | 4 |
_a616.8588320092 _223 |
| 100 | 1 |
_aMitchell, Chris, _d1978- |
|
| 245 | 1 | 0 |
_aGlass half empty, glass half full _h[electronic resource] : _bhow Asperger's syndrome has changed my life / _cChris Mitchell. |
| 260 |
_aLondon : _bPaul Chapman, _cc2005. |
||
| 300 | _a1 online resource (104 p.) | ||
| 500 | _a"A Lucky Duck book." | ||
| 520 | 8 | _aThis story will be inspirational to all adults either facing Asperger's syndrome personally or interacting with someone who has been diagnosed. Chris Mitchell describes his life before and after diagnosis with Asperger's syndrome. | |
| 521 | _aSpecialized. | ||
| 588 | _aDescription based on print version record. | ||
| 600 | 1 | 0 |
_aMitchell, Chris, _d1978- |
| 650 | 0 |
_aAsperger's syndrome _xPatients _vBiography. |
|
| 655 | 7 |
_aElectronic books. _2local |
|
| 710 | 2 | _aSage eBooks | |
| 776 | 0 | 8 |
_iPrint version : _z9781412911627 |
| 856 | 4 | 0 | _uhttp://ezproxy.alfaisal.edu/login?url=http://sk.sagepub.com/books/glass-half-empty-glass-half-full |
| 942 |
_2lcc _cEBOOKS |
||
| 999 |
_c479961 _d479961 |
||